Stratégia, postavenie a prínos UNIDO k rozvoju svetového priemyslu

UNIDO ako špecializovaná agentúra OSN. Stratégia UNIDO. Nové moduly služieb. Služby poskytované UNIDO. Úloha UNIDO ako Globálneho fóra.

Salvato in:
Dettagli Bibliografici
Autore principale: Vilčák, Peter
Natura: Capitolo di libro
Lingua:slovacco
Soggetti:
Tags: Aggiungi Tag
Nessun Tag, puoi essere il primo ad aggiungerne!!

MARC

LEADER 00000naa$a2200000$$$4500
001 0034139
005 20231102105607.0
041 0 |a slo 
044 |a SK 
245 1 0 |a Stratégia, postavenie a prínos UNIDO k rozvoju svetového priemyslu  |c Peter Vilčák 
520 |a UNIDO ako špecializovaná agentúra OSN. Stratégia UNIDO. Nové moduly služieb. Služby poskytované UNIDO. Úloha UNIDO ako Globálneho fóra. 
610 2 0 |a rozvoj sociálny 
610 2 0 |a rast produktivity práce 
610 2 0 |a chudoba 
610 2 0 |a politika sociálna 
610 2 0 |a krajiny rozvojové 
610 2 0 |a priemysel 
610 2 0 |a výkonnosť ekonomiky 
610 2 0 |a konkurencieschopnosť 
610 2 0 |a dôsledky sociálne 
100 1 |a Vilčák, Peter